Cuánto sabes de Chile: Fácil - Estadísticas

Estadísticas generales
  • Esta prueba ha sido intentada 247 veces
  • La puntuación promedio es 10 de 13
Estadísticas de respuestas
Pregunta Respuesta % Correcto
¿Cuál de estos colores no se encuentra en la bandera de Chile? Negro
97%
¿Cuál es el nombre de la cordillera que cruza Chile de norte a sur? Cordillera de Los Andes
96%
¿Cuál es la capital de Chile? Santiago
96%
¿Cómo se divide territorialmente Chile? En Regiones, Provincias y Comunas
92%
¿Cuál es el gentilicio de Chile? Chileno/Chilena
91%
¿Cuáles son los animales nacionales de Chile? El Huemul y el Cóndor Andino
91%
¿Cómo se les llama a los campesinos de la zona central de Chile? Huasos
86%
¿Cuál de estos mitos y leyendas pertenece a la mitología chilota? El Trauco
85%
¿Cuál es el controversial deporte nacional de Chile? El Rodeo Chileno
77%
¿Cuál de estos felinos no se puede encontrar en Chile? León Patagónico
72%
¿Cuál de estas maravillas chilenas fue nombrada mediante una votación como la octava maravilla del mundo? Las Torres del Paine, Región de Magallanes y la Antártica Chilena
68%
¿En qué océanos tiene territorio Chile? (sin contar reclamos territoriales) Solo el Pacífico
39%
¿Cuántos husos horarios tiene Chile? 3
20%
No se encontraron pruebas coincidentes
Distribución de puntuación
Porcentaje de gente con cada puntuación
Porcentaje por número respondido
Historial de tus puntuaciones
No has intentado esta prueba.